000 00267nam a2200109Ia 4500
008 190906s9999||||xx |||||||||||||| ||und||
100 _aTariq Hussain
245 0 _aScience and Sustainability
260 _aKarachi
_bRB Publishers
_c2016
300 _a455
942 _cBK
999 _c5911
_d5911